01478nam a2200361Ia 4500001001200000003000800012006001900020007001500039008004100054010001700095020001800112020001500130040002100145035002100166050002500187082001600212245011900228260004100347300001500388490006200403500007400465504004100539533015200580650003500732655002900767700002800796700002100824710001700845730004600862830006300908856012600971999001901097ebr10463979CaPaEBRm u cr cn|||||||||080311s2007 enk sb 000 0 eng d z 2008378791 z9781855759589 z1855759586 aCaPaEBRcCaPaEBR a(OCoLC)72682904814aPN56.P92bK49 2007eb04a801/.9222200aKey papers in literature and psychoanalysish[electronic resource] /cedited by Paul Williams and Glen O. Gabbard. aLondon ;aNew York :bKarnac,c2007. axv, 187 p.1 aInternational journal of psychoanalysis key papers series aEssays first appeared in the International journal of psychoanalysis. aIncludes bibliographical references. aElectronic reproduction.bPalo Alto, Calif. :cebrary,d2011.nAvailable via World Wide Web.nAccess may be limited to ebrary affiliated libraries. 0aPsychoanalysis and literature. 7aElectronic books.2local1 aWilliams, Paul,cD.P.M.1 aGabbard, Glen O.2 aebrary, Inc.0 aInternational journal of psycho-analysis. 0aInternational journal of psychoanalysis key papers series.40uhttp://site.ebrary.com/lib/rucke/Doc?id=10463979zAn electronic book accessible through the World Wide Web; click to view c129303d129303